| 000 | 00626nam a2200205Ia 4500 | ||
|---|---|---|---|
| 003 | LDD | ||
| 008 | 181029s9999 xx 000 0 und d | ||
| 020 |
_a9781844670864 _cP 12.99 |
||
| 040 | _cLDD | ||
| 100 | _aAnderson, Benedict | ||
| 245 | 0 |
_aImagined Communities _breflections on the origin and spread of cationalism _cBenedict Anderson |
|
| 250 | _aNew Edition | ||
| 260 |
_aLondon _bVerso _c2006 |
||
| 300 | _axv, 240p. | ||
| 365 | _bP 12.99 | ||
| 901 |
_a13266 _b08-02-2016 |
||
| 902 |
_aINDEX/IGNOU/130 _b15-02-2016 _cF _dII _e42 |
||
| 903 |
_aDiscount-50 _bReqst by : Parmod Kumar |
||
| 942 |
_2ddc _cBK |
||
| 999 |
_c116748 _d116748 |
||